Analýza bonity firmy
Aspekty hodnotenia ekonomickej situácie stavu a vývoja firmy. Podstata ukazovateľov charakterizujúcich bonitu firmy. Ukazovatele likvidity. Ukazovatele zadlženosti. Ukazovatele vybavenosti.
Salvato in:
| Autore principale: | |
|---|---|
| Natura: | Capitolo di libro |
| Lingua: | slovacco |
| Soggetti: | |
| Tags: |
Nessun Tag, puoi essere il primo ad aggiungerne!!
|
MARC
| LEADER | 00000naa$a2200000$$$4500 | ||
|---|---|---|---|
| 001 | 0043723 | ||
| 005 | 20220715093524.2 | ||
| 041 | 0 | |a slo | |
| 044 | |a SK | ||
| 245 | 1 | 0 | |a Analýza bonity firmy |c Jozef Chajdiak |
| 520 | |a Aspekty hodnotenia ekonomickej situácie stavu a vývoja firmy. Podstata ukazovateľov charakterizujúcich bonitu firmy. Ukazovatele likvidity. Ukazovatele zadlženosti. Ukazovatele vybavenosti. | ||
| 610 | 2 | 0 | |a analýza ekonomická |
| 610 | 2 | 0 | |a firmy |
| 610 | 2 | 0 | |a bonita |
| 610 | 2 | 0 | |a likvidita podniku |
| 610 | 2 | 0 | |a ukazovatele efektívnosti |
| 610 | 2 | 0 | |a ukazovatele hodnotové |
| 610 | 2 | 0 | |a zadlženosť |
| 100 | 1 | |a Chajdiak, Jozef | |